00663nam a2200193Ia 4500003000900000008004100009020001800050040001600068080001700084100002900101245010500130260003200235300001600267650004100283650002700324942000700351999001700358952009400375IN-BaIIA211028s9999 xx 000 0 eng d a0-07-040641-3 cIIA Library a517.949bMAR aMartin, Harold C.917064 0aIntroduction to finite element analysiscHarold C.Martin  aNew YorkbMcGraw-Hillc1973 axiii, 386p. aAstronomy and Astrophysics Thesaurus aFinite elements917065 cBK c10089d10089 00104070aBANbBANcGENd0000-00-00l0o517.949/ MARp10999r2021-11-05w0000-00-00yBK